A Guide to academic writing. (Record no. 1510)
[ view plain ]
| 000 -LEADER | |
|---|---|
| fixed length control field | 00619nam a22002052 4500 |
| 001 - CONTROL NUMBER | |
| control field | 0000006125 |
| 005 - DATE AND TIME OF LATEST TRANSACTION | |
| control field | 20151021152554.0 |
| 008 - FIXED-LENGTH DATA ELEMENTS--GENERAL INFORMATION | |
| fixed length control field | 070920s xx 000 0 eng d |
| 020 ## - INTERNATIONAL STANDARD BOOK NUMBER | |
| International Standard Book Number | 9966992502 : |
| Terms of availability | KES 475 |
| 040 ## - CATALOGING SOURCE | |
| Original cataloging agency | KABU |
| Transcribing agency | KABU |
| 100 1# - MAIN ENTRY--PERSONAL NAME | |
| Personal name | Peter, C. B. |
| -- | 0000157512 |
| 245 12 - TITLE STATEMENT | |
| Title | A Guide to academic writing. |
| 260 ## - PUBLICATION, DISTRIBUTION, ETC. (IMPRINT) | |
| Place of publication, distribution, etc. | Eldoret,Kenya : |
| Name of publisher, distributor, etc. | Zapf Chancery, |
| Date of publication, distribution, etc. | 1994. |
| 300 ## - PHYSICAL DESCRIPTION | |
| Extent | xii, 272 p. |
| 650 #0 - SUBJECT ADDED ENTRY--TOPICAL TERM | |
| Topical term or geographic name as entry element | Academic writing. |
| -- | 0000085551 |
| 908 ## - PUT COMMAND PARAMETER (RLIN) | |
| Put command parameter | 070920 |
| 950 ## - LOCAL HOLDINGS (RLIN) | |
| -- | 1 |
| Withdrawn status | Lost status | Source of classification or shelving scheme | Not for loan | Home library | Current library | Date acquired | Total Checkouts | Full call number | Barcode | Date last seen | Copy number | Price effective from | Koha item type | Date last checked out | Damaged status |
|---|---|---|---|---|---|---|---|---|---|---|---|---|---|---|---|
| Library of Congress Classification | Kabarak, Main Campus | Kabarak, Main Campus | 17/12/2015 | 1 | LB2369 .P48 | 004965 | 13/03/2020 | 17/12/2015 | General Collection | 28/01/2020 | |||||
| Lost | Library of Congress Classification | Kabarak, Main Campus | Kabarak, Main Campus | 17/12/2015 | 1 | LB2369 .P48 | 010980 | 26/01/2016 | 17/12/2015 | General Collection | 26/01/2016 | ||||
| Library of Congress Classification | Kabarak, Nakuru City Campus | Kabarak, Nakuru City Campus | 21/10/2015 | LB2369 .P48 c. 1 | 20081 | 21/10/2015 | c.1 | 21/10/2015 | General Collection | ||||||
| Library of Congress Classification | Kabarak, Nakuru City Campus | Kabarak, Nakuru City Campus | 21/10/2015 | LB2369 .P48 c. 2 | 20082 | 21/10/2015 | c.2 | 21/10/2015 | General Collection |